[Event "DOM-ch"]
[Site "Santo Domingo"]
[Date "2023.02.25"]
[Round "3"]
[White "Polanco Nunez, Yoel Estarling"]
[Black "Ortega Anglada, Mauricio"]
[Result "1/2-1/2"]
[WhiteElo "2195"]
[BlackElo "1859"]
[PlyCount "80"]
[EventDate "2023.02.24"]
[EventType "swiss"]
[EventRounds "11"]
[EventCountry "DOM"]
[SourceTitle "CBM 213 Extra"]
[Source "ChessBase"]
[SourceDate "2023.05.31"]
[SourceVersion "1"]
[SourceVersionDate "2023.05.31"]
[SourceQuality "1"]

1. Nf3 Nf6 2. c4 e6 3. g3 d5 4. Bg2 dxc4 5. Qa4+ c6 6. Qxc4 b5 7. Qb3 Bb7 8. d4 Nbd7 9. 0-0 Be7 10. Nc3 0-0 11. Bg5 a6 12. Bxf6 Bxf6 13. Ne4 Be7 14. Rac1 Qb6 15. Qe3 Rfd8 16. Rc2 Rac8 17. Rfc1 Nf6 18. Nc5 Nd5 19. Qb3 a5 20. Nxb7 Qxb7 21. Ne5 Nb4 22. Nxc6 Nxc2 23. Nxd8 Nxd4 24. Rc3 Rxc3 25. bxc3 Qxg2+ 26. Kxg2 Nxb3 27. Nc6 Bf6 28. axb3 Bxc3 29. Na7 Kf8 30. Nxb5 Bb4 31. Nd4 Ke8 32. e4 Kd7 33. Kf1 Kd6 34. f4 g6 35. Nf3 Bc3 36. Ke2 Kc5 37. Kd3 Kb4 38. Kc2 h6 39. Ng1 Bg7 40. Ne2 Kc5 1/2-1/2